Which Letter Was Added? - Canadian Provinces - Statistics

General Stats
  • This quiz has been taken 46 times
  • The average score is 8 of 13
Answer Stats
Hint Answer % Correct
Newwfoundland and Labrador W
100%
Yuckon C
96%
Albeerta E
96%
Nunnavut N
96%
Mannitoba N
96%
Quebeck K
74%
Onntario N
65%
Sasckatchewan C
43%
Northwest Territorries R
39%
New Brunsywick Y
26%
Prince Edwards Island S
22%
British Coloumbia O
13%
Nova Scottia T
13%
No matching quizzes found
Score Distribution
Percent of People with Each Score
Percentile by Number Answered
Your Score History
You have not taken this quiz